000 00296nam a22001337a 4500
008 170609b xxu||||| |||| 00| 0 eng d
020 _a9780451232120
041 _aeng
080 _a94(4)
100 _a18
101 _aSHH
245 _aBROTHERS RIVALS VICTORS
_cJORDAN,J.W
942 _2udc
_cBK
999 _c16780
_d16780